Culture Générale - Série 333 - Statistiques

Statistiques générales
  • Ce quiz a été pris 287 fois
  • Le résultat moyen est 6 sur 10
Statistiques - réponses
Question Réponse % Correct
Qu'est-ce qu'un Québécois vous confie s'il vous prête son char ? Sa voiture
95%
Par quel terme désigne-t-on les vacanciers qui partent en août ? Les Aoûtiens
90%
Quel est l'impératif présent du verbe faire à la 2e personne du pluriel ? Faites
89%
De quelle princesse Aladdin est-il amoureux dans le dessin animé de 1993 ? Jasmine
72%
Dans quel sport la Française Christine Caron s'est-elle illustrée ? La natation
53%
Quel surnom donne-t-on au dernier pli remporté lors d'une partie de belote ? Dix de der
42%
Quel film de Luc Besson a valu à Christophe Lambert le césar du meilleur acteur ? Subway
38%
Sous quel nom la chanteuse Mélanie Georgiades est-elle plus connue ? Diam's
35%
Quel personnage de "Jean de Florette" est surnommé Galinette ? Ugolin Soubeyran
25%
Quelle Françoise a écrit "L'Allée du Roi" en 1981 ? Chandernagor
23%
Aucun quiz correspondant
Distribution des résultats
% des personnes avec chaque résultat
Percentile par nombre de réponses
Votre historique - résultats
Vous n’avez pas pris ce quiz